Guía abreviada del Museo Lázaro Galdiano
Guardat en:
| Autor principal: | |
|---|---|
| Format: | Llibre |
| Idioma: | espanyol |
| Publicat: |
Madrid
Fundación Lázaro Galdiano
1958
|
| Edició: | 1a. ed |
| Matèries: | |
| Etiquetes: |
Afegir etiqueta
Sense etiquetes, Sigues el primer a etiquetar aquest registre!
|
MARC
| LEADER | 00000cam a2200000 a 4500 | ||
|---|---|---|---|
| 001 | UCE4652 | ||
| 003 | CL-VaPUC | ||
| 008 | 141107e19580000sp |||||||||||||||||spa|d | ||
| 082 | 0 | 4 | |a 708.96 |b CAM |2 21 |
| 100 | 0 | |a Camón Aznar, José |e author |9 577209 | |
| 245 | 1 | 0 | |a Guía abreviada del Museo Lázaro Galdiano |
| 250 | |a 1a. ed | ||
| 300 | |a 162 p | ||
| 942 | |c BK | ||
| 945 | |d 20141107 12:15:00 |a dcastane | ||
| 260 | |a Madrid |b Fundación Lázaro Galdiano |c 1958 | ||
| 650 | 0 | |a Pintura española |9 315217 | |
| 650 | 0 | |a Pintores españoles |9 315216 | |
| 650 | 0 | |a Crítica de arte |9 334590 | |
| 583 | |a last modification |c 20141107 12:15:00 |k Rodrigo Vera | ||
| 999 | |c 357532 |d 357530 | ||
| 952 | |0 0 |1 0 |3 erd |4 0 |6 708_960000000000000_CAM_1958 |7 0 |8 X |9 465556 |a FDOBUD |b FDOBUD |i 5106575 |o 708.96 CAM 1958 |p 5106575 |r 2019-11-23 |w 2019-11-23 |y BK_X |z Catalogado en:20141107 |k BUD | ||